The IMPED model: Detecting low-quality information in social media (Record no. 518370)

000 -LEADER
fixed length control field 01584nam a22001577a 4500
008 - FIXED-LENGTH DATA ELEMENTS--GENERAL INFORMATION
fixed length control field 210921b ||||| |||| 00| 0 eng d
100 ## - MAIN ENTRY--PERSONAL NAME
Personal name Bastos, M., Walker, S. and Simeone, M.
245 ## - TITLE STATEMENT
Title The IMPED model: Detecting low-quality information in social media
260 ## - PUBLICATION, DISTRIBUTION, ETC. (IMPRINT)
Place of publication, distribution, etc American Behavioral Scientist
300 ## - PHYSICAL DESCRIPTION
Extent 65(6), May, 2021: p.863-883
520 ## - SUMMARY, ETC.
Summary, etc This article introduces a model for detecting low-quality information we refer to as the Index of Measured-diversity, Partisan-certainty, Ephemerality, and Domain (IMPED). The model purports that low-quality information is characterized by ephemerality, as opposed to quality content that is designed for permanence. The IMPED model leverages linguistic and temporal patterns in the content of social media messages and linked webpages to estimate a parametric survival model and the likelihood the content will be removed from the internet. We review the limitations of current approaches for the detection of problematic content, including misinformation and false news, which are largely based on fact checking and machine learning, and detail the requirements for a successful implementation of the IMPED model. The article concludes with a review of examples taken from the 2018 election cycle and the performance of the model in identifying low-quality information as a proxy for problematic content. – Reproduced
650 ## - SUBJECT ADDED ENTRY--TOPICAL TERM
Topical term or geographic name as entry element Content moderation, Diversity index, Partisanship, Misinformation, Web archive
9 (RLIN) 27431
773 ## - HOST ITEM ENTRY
Main entry heading American Behavioral Scientist
906 ## - LOCAL DATA ELEMENT F, LDF (RLIN)
Subject DIP SOCIAL MEDIA
942 ## - ADDED ENTRY ELEMENTS (KOHA)
Item type Articles
Holdings
Withdrawn status Lost status Source of classification or shelving scheme Damaged status Not for loan Permanent location Current location Date acquired Serial Enumeration / chronology Barcode Date last seen Koha item type
          Indian Institute of Public Administration Indian Institute of Public Administration 2021-09-21 65(6), May, 2021: p.863-883 AR125530 2021-09-21 Articles

Powered by Koha